[Event "HUN-chT3 9900"]
[Site "Hungary"]
[Date "1999.11.14"]
[Round "4"]
[White "Pal, Ferenc"]
[Black "Zabiak, Jozsef"]
[Result "0-1"]
[WhiteElo "2100"]
[BlackElo "2077"]
[PlyCount "84"]
[EventDate "1999.09.26"]
[EventType "team"]
[EventRounds "11"]
[EventCountry "HUN"]
[SourceTitle "EXT 2002"]
[Source "ChessBase"]
[SourceDate "2001.11.25"]
[SourceVersion "1"]
[SourceVersionDate "2001.11.25"]
[SourceQuality "1"]

1. e4 e6 2. d4 d5 3. exd5 exd5 4. Nf3 Bg4 5. Be2 Bd6 6. h3 Bh5 7. Nc3 c6 8. Ne5 Bxe2 9. Qxe2 Qe7 10. 0-0 Nd7 11. Nxd7 Qxe2 12. Nxe2 Kxd7 13. Bf4 Re8 14. Bxd6 Rxe2 15. Bf8 Ne7 16. Bxg7 Rg8 17. Bf6 Rxc2 18. Rab1 Nf5 19. g4 Rg6 20. g5 Nd6 21. h4 Ne4 22. Be5 f6 23. f3 Nxg5 24. hxg5 Rxg5+ 25. Kh1 fxe5 26. dxe5 Rxe5 27. f4 Rh5+ 28. Kg1 Rhh2 29. Rf3 Rcg2+ 30. Kf1 Rxb2 31. Rxb2 Rxb2 32. Rh3 Ke6 33. Rxh7 a5 34. Ke1 b5 35. Rh6+ Kd7 36. Rh7+ Kd6 37. Rh6+ Kc5 38. a3 b4 39. axb4+ Rxb4 40. f5 Rf4 41. f6 a4 42. Kd1 a3 0-1